000
00253nam a22001217a 4500
082
_a
821
_b
SHE/P
100
_a
SHEPPARD,C.A
245
_a
A PAGEANT OF POEMS
260
_a
NEW DELHI
_b
ORIENT LONGMAN
300
_a
69
650
_a
POEMS
_z
INDIA
942
_c
BK
999
_c
3906
_d
3906